Prime Ministers England1900 - Statistics

General Stats
  • This quiz has been taken 22 times
    10 since last reset
  • The average score is 7 of 23
Answer Stats
Answer % Correct
1979 - 1990 M. Thatcher
83%
1940 - 1945 W. Churchill
83%
1951 - 1955 W. Churchill
83%
1937 - 1940 N. Chamberlain
50%
1902 - 1905 A. Balfour
33%
1955 - 1957 A. Eden
33%
1922 - 1923 Bonar Law
33%
1916 - 1922 D. Lloyd George
33%
1908 - 1916 H.H Asquith
33%
1957 - 1963 H. Macmillan
33%
1990 - 1997 J. Major
33%
1924 R. MacDonald
33%
1929 - 1935 R. MacDonald
33%
1923 - 1924 S. Baldwin
33%
1924 - 1929 S. Baldwin
33%
1935 - 1937 S. Baldwin
33%
1945 - 1951 C. Attlee
17%
1970 - 1974 E. Heath
17%
1963 - 1964 A. Douglas Home
0%
1905 - 1908 H. Campbell
0%
1964 - 1970 H. Wilson
0%
1974 - 1976 H. Wilson
0%
1976 - 1979 J. Callaghan
0%
No matching quizzes found
Score Distribution
Percent of People with Each Score
Percentile by Number Answered
Your Score History
You have not taken this quiz since the last reset